[Event "Cusco zt 2.4"]
[Site "Cusco"]
[Date "2025.01.30"]
[Round "4"]
[White "Yucra Valdes, Diego Alonso"]
[Black "Delgado Romero, Marco"]
[Result "0-1"]
[WhiteElo "1915"]
[BlackElo "2402"]
[PlyCount "62"]
[EventDate "2025.01.28"]
[EventType "swiss"]
[EventRounds "9"]
[EventCountry "PER"]
[SourceTitle "CB06_2025"]
[SourceDate "2025.02.05"]
[SourceVersion "1"]
[SourceVersionDate "2025.02.05"]
[SourceQuality "1"]

1. d4 g6 2. g3 Bg7 3. Bg2 c5 4. d5 d6 5. Nf3 b5 6. a4 b4 7. c4 bxc3 8. Nxc3 Nf6 9. 0-0 0-0 10. Re1 Na6 11. Nd2 Nb4 12. Nc4 Ba6 13. Na3 Ng4 14. Ncb5 f5 15. Rb1 Nf6 16. Bg5 Ne4 17. Bxe4 fxe4 18. Nc2 Rf5 19. Nxb4 cxb4 20. Be3 Bb7 21. Qb3 a6 22. Nd4 Bxd5 23. Qxb4 Rh5 24. Qd2 Qd7 25. h4 Qh3 26. Red1 Rf8 27. Qe1 Rxh4 28. gxh4 Be5 29. f4 Rxf4 30. Bxf4 Bxf4 31. Nf3 Be3+ 0-1

[Event "Oranjestad Aruba op"]
[Site "Oranjestad"]
[Date "2024.10.10"]
[Round "1"]
[White "Delgado Romero, Marco"]
[Black "Tromp, Hubert Randolf"]
[Result "1-0"]
[WhiteElo "2373"]
[BlackElo "1737"]
[PlyCount "74"]
[EventDate "2024.10.10"]
[EventType "swiss"]
[EventRounds "7"]
[EventCountry "ARN"]
[SourceTitle "CB44_2024"]
[Source "Chessbase"]
[SourceDate "2024.10.30"]
[SourceVersion "1"]
[SourceVersionDate "2024.10.30"]
[SourceQuality "1"]

1. d4 Nf6 2. c4 g6 3. Nc3 Bg7 4. e4 d6 5. h3 Nc6 6. d5 Nb8 7. Be3 a5 8. Nf3 Nbd7 9. Bd3 b6 10. Nd4 Bb7 11. 0-0 Nc5 12. Bc2 0-0 13. Rb1 Re8 14. a3 e5 15. Ndb5 Bc8 16. b4 Ncd7 17. Na4 axb4 18. axb4 Ba6 19. Nac3 Rf8 20. Ra1 Nh5 21. g3 Nhf6 22. Ra3 Ne8 23. Qg4 Ndf6 24. Qh4 Bxb5 25. Nxb5 Rxa3 26. Nxa3 Qa8 27. Ra1 Qa6 28. Bb3 Qc8 29. Nb5 Qd7 30. Ra7 Nh5 31. Ba4 Bf6 32. Qg4 Qxg4 33. hxg4 Nhg7 34. Nxc7 Nxc7 35. Rxc7 Bd8 36. Rd7 f5 37. Bh6 Bf6 1-0

[Event "Olympiad-45"]
[Site "Budapest"]
[Date "2024.09.18"]
[Round "7.4"]
[White "Bayani, Kuda"]
[Black "Delgado Romero, Marco"]
[Result "0-1"]
[WhiteElo "1931"]
[BlackElo "2390"]
[PlyCount "72"]
[EventDate "2024.09.11"]
[EventType "team-swiss"]
[EventRounds "11"]
[EventCountry "HUN"]
[SourceTitle "EXT 2025"]
[Source "ChessBase"]
[SourceDate "2024.10.14"]
[SourceVersion "1"]
[SourceVersionDate "2024.10.14"]
[SourceQuality "1"]
[WhiteTeam "Botswana"]
[BlackTeam "Peru"]
[WhiteTeamCountry "BOT"]
[BlackTeamCountry "PER"]

1. d4 Nf6 2. Nf3 g6 3. Bf4 Bg7 4. e3 d6 5. h3 0-0 6. Be2 Nfd7 7. c4 e5 8. Bh2 Nc6 9. Nc3 Kh8 10. Rc1 f5 11. a3 Bh6 12. dxe5 Ndxe5 13. c5 f4 14. exf4 Nxf3+ 15. Bxf3 Qe8+ 16. Ne2 Bg7 17. 0-0 Bxb2 18. Rc2 Bg7 19. cxd6 cxd6 20. Qxd6 Bf5 21. Bxc6 bxc6 22. Rd2 Rd8 23. Qb4 c5 24. Qa5 Rxd2 25. Qxd2 Qa4 26. g4 Bc8 27. Nc3 Qxa3 28. Rc1 Bb7 29. Bg3 Qa6 30. Qe2 Qxe2 31. Nxe2 Re8 32. Rc2 Be4 33. Ra2 Bd3 34. Kf1 c4 35. f5 c3 36. Bf4 c2 0-1

[Event "South America-ch 2nd"]
[Site "Coliseo Miguel Grau"]
[Date "2024.08.03"]
[Round "9"]
[White "Delgado Romero, Marco"]
[Black "Escalante Ramirez, Brian Sebastian"]
[Result "0-1"]
[WhiteElo "2341"]
[BlackElo "2485"]
[PlyCount "96"]
[EventDate "2024.07.29"]
[EventType "swiss"]
[EventRounds "9"]
[EventCountry "PER"]
[SourceTitle "EXT 2025"]
[Source "ChessBase"]
[SourceDate "2024.10.14"]
[SourceVersion "1"]
[SourceVersionDate "2024.10.14"]
[SourceQuality "1"]

1. d4 d5 2. c4 e6 3. Nc3 Nf6 4. cxd5 exd5 5. Bg5 Be7 6. e3 h6 7. Bf4 Bf5 8. Nge2 0-0 9. h3 c5 10. dxc5 Bxc5 11. g4 Be4 12. Rg1 g5 13. Bxb8 Rxb8 14. Bg2 Bg6 15. Bf3 Qe7 16. Kf1 Rbd8 17. Rc1 Ne4 18. Rg2 Qf6 19. Ng3 Nxg3+ 20. Rxg3 Qe5 21. Nxd5 Bxe3 22. Qe1 Bd3+ 23. Kg2 Bf4 24. Qxe5 Bxe5 25. Nb4 Bg6 26. Bxb7 Rb8 27. Nc6 Bxg3 28. Nxb8 Bxb8 29. b4 Bf4 30. Rc4 Rd8 31. Rc8 Rxc8 32. Bxc8 Be4+ 33. f3 Bd5 34. a4 Bd2 35. b5 Bb3 36. Ba6 Bxa4 37. Kf2 Bd1 38. Bb7 Kf8 39. Bd5 f6 40. Bc4 Ke7 41. Kg3 Kd6 42. Kg2 Kc5 43. Bf1 Ba4 44. Bd3 Bxb5 45. Bb1 Be3 46. Kg3 a5 47. h4 a4 48. hxg5 hxg5 0-1

[Event "PER-ch"]
[Site "Lima"]
[Date "2024.07.11"]
[Round "10"]
[White "Fernandez Sanchez, Fernando Miguel"]
[Black "Delgado Romero, Marco"]
[Result "1-0"]
[WhiteElo "2387"]
[BlackElo "2341"]
[PlyCount "73"]
[EventDate "2024.07.06"]
[EventType "tourn"]
[EventRounds "11"]
[EventCountry "PER"]
[SourceTitle "EXT 2025"]
[Source "ChessBase"]
[SourceDate "2024.10.14"]
[SourceVersion "1"]
[SourceVersionDate "2024.10.14"]
[SourceQuality "1"]

1. e4 c5 2. Nf3 g6 3. c3 d5 4. exd5 Qxd5 5. Na3 Nc6 6. d4 Bg4 7. Be2 cxd4 8. Nb5 0-0-0 9. Nbxd4 e5 10. Nxc6 Qxc6 11. Qb3 Be6 12. Qb5 Qxb5 13. Bxb5 Bh6 14. Ng5 Bd5 15. c4 f6 16. cxd5 Bxg5 17. Bxg5 fxg5 18. 0-0-0 Kc7 19. h4 gxh4 20. Rxh4 Kd6 21. Ra4 a6 22. Be2 Nf6 23. Rb4 b5 24. a4 Kc5 25. Rb3 b4 26. Kb1 Nxd5 27. Rc1+ Kb6 28. a5+ Ka7 29. Rc6 e4 30. Rxa6+ Kb7 31. Re6 Rhe8 32. Rxe8 Rxe8 33. Bc4 Nf4 34. Rxb4+ Ka7 35. g3 Nh3 36. Rb6 Rc8 37. Be6 1-0

[Event "PER-ch"]
[Site "Lima"]
[Date "2024.07.09"]
[Round "6"]
[White "Ccerhuayo Escobedo, Mels Leopold"]
[Black "Delgado Romero, Marco"]
[Result "0-1"]
[WhiteElo "1992"]
[BlackElo "2341"]
[PlyCount "58"]
[EventDate "2024.07.06"]
[EventType "tourn"]
[EventRounds "11"]
[EventCountry "PER"]
[SourceTitle "EXT 2025"]
[Source "ChessBase"]
[SourceDate "2024.10.14"]
[SourceVersion "1"]
[SourceVersionDate "2024.10.14"]
[SourceQuality "1"]

1. d4 c5 2. d5 Nf6 3. c4 e6 4. Nc3 exd5 5. cxd5 d6 6. e4 g6 7. Bg5 Bg7 8. Nge2 h6 9. Bf4 a6 10. a4 h5 11. h3 h4 12. Bg5 Qa5 13. Bd2 0-0 14. g3 hxg3 15. Nxg3 Qc7 16. h4 Bg4 17. Be2 Bxe2 18. Qxe2 Nbd7 19. h5 Rfe8 20. 0-0-0 b5 21. Rdg1 b4 22. Nf5 Ne5 23. h6 Bf8 24. h7+ Kh8 25. Bg5 Ned7 26. Qf3 Qd8 27. Bd2 Ne5 28. Qh3 bxc3 29. Bxc3 Nxe4 0-1

[Event "PER-ch"]
[Site "Lima"]
[Date "2024.07.08"]
[Round "5"]
[White "Delgado Romero, Marco"]
[Black "Flores Quillas, Diego Saul Rodrigo"]
[Result "1-0"]
[WhiteElo "2341"]
[BlackElo "2460"]
[PlyCount "65"]
[EventDate "2024.07.06"]
[EventType "tourn"]
[EventRounds "11"]
[EventCountry "PER"]
[SourceTitle "EXT 2025"]
[Source "ChessBase"]
[SourceDate "2024.10.14"]
[SourceVersion "1"]
[SourceVersionDate "2024.10.14"]
[SourceQuality "1"]

1. d4 Nf6 2. c4 e6 3. Nf3 b6 4. g3 Ba6 5. Qc2 c5 6. d5 exd5 7. cxd5 Bb7 8. Bg2 Nxd5 9. 0-0 Be7 10. Rd1 Nc6 11. a3 Nc7 12. Nc3 Ne6 13. Be3 Qc8 14. h4 0-0 15. Nd5 Re8 16. Rac1 Bf8 17. h5 Ne7 18. Nf4 Nxf4 19. Bxf4 d5 20. Ng5 g6 21. e4 Rd8 22. hxg6 hxg6 23. Qe2 Bg7 24. b4 Qc6 25. Qg4 d4 26. Bf1 Bc8 27. Qh4 f6 28. Bc4+ Kf8 29. Nh7+ Ke8 30. b5 Qxe4 31. Qxf6 Bxf6 32. Nxf6+ Kf8 33. Bh6# 1-0

[Event "American Continental Rapid 18th"]
[Site "Medellin"]
[Date "2024.06.01"]
[Round "3"]
[White "Delgado Romero, Marco"]
[Black "Hernandez Banquett, Bryan Steven"]
[Result "1-0"]
[WhiteElo "2341"]
[BlackElo "1913"]
[PlyCount "89"]
[EventDate "2024.06.01"]
[EventType "swiss (rapid)"]
[EventRounds "9"]
[EventCountry "COL"]
[SourceTitle "CBM 220 Extra"]
[Source "ChessBase"]
[SourceDate "2024.07.31"]
[SourceVersion "1"]
[SourceVersionDate "2024.07.31"]
[SourceQuality "1"]

1. d4 Nf6 2. c4 c5 3. d5 b5 4. cxb5 a6 5. b6 Qxb6 6. Nc3 g6 7. e4 d6 8. Nf3 Nbd7 9. Be2 Bg7 10. Nd2 0-0 11. Nc4 Qc7 12. Bf4 Ne8 13. 0-0 Ne5 14. Bxe5 dxe5 15. Rc1 Nd6 16. Bd3 Bd7 17. Na4 Rfb8 18. Nd2 Bxa4 19. Qxa4 Rxb2 20. Nb3 c4 21. Qa3 Rxb3 22. axb3 Bh6 23. bxc4 Bxc1 24. Rxc1 a5 25. c5 Nb7 26. Bb5 Ra7 27. Ba4 Kg7 28. g3 Ra6 29. Qc3 Rf6 30. Kg2 h5 31. h4 Kh7 32. Rc2 Kg7 33. f4 exf4 34. e5 f3+ 35. Kf2 Rf5 36. d6 Qd8 37. c6 Qb6+ 38. Kf1 Qa6+ 39. Qc4 Qb6 40. Bb3 Nc5 41. dxe7 Nxb3 42. e8Q f2 43. Qd7 a4 44. e6 Qe3 45. Qc3+ 1-0

[Event "American Continental Blitz 18th"]
[Site "Medellin"]
[Date "2024.05.29"]
[Round "2"]
[White "Consuegra, Oscar Enrique"]
[Black "Delgado Romero, Marco"]
[Result "0-1"]
[WhiteElo "2031"]
[BlackElo "2341"]
[PlyCount "92"]
[EventDate "2024.05.29"]
[EventType "swiss (blitz)"]
[EventRounds "9"]
[EventCountry "COL"]
[SourceTitle "CBM 220 Extra"]
[Source "ChessBase"]
[SourceDate "2024.07.31"]
[SourceVersion "1"]
[SourceVersionDate "2024.07.31"]
[SourceQuality "1"]

1. e4 c5 2. Nf3 g6 3. d4 cxd4 4. Nxd4 Bg7 5. Nc3 Nc6 6. Be3 Nf6 7. Bc4 0-0 8. 0-0 d6 9. h3 Bd7 10. Qd2 Rc8 11. Bb3 a6 12. Rad1 b5 13. a3 Re8 14. f3 Na5 15. Nd5 Nxb3 16. Nxf6+ Bxf6 17. cxb3 Qc7 18. Rc1 Qb7 19. b4 Rxc1 20. Rxc1 d5 21. Nb3 Bc8 22. exd5 Rd8 23. Nc5 Qxd5 24. Qxd5 Rxd5 25. Rc2 Bf5 26. Re2 Rd1+ 27. Kf2 Rb1 28. Nxa6 Bxb2 29. Bh6 e5 30. Nc7 f6 31. Nxb5 Bd3 32. Rd2 Bxb5 33. Rd8+ Kf7 34. Rh8 g5 35. Rxh7+ Kg6 36. Rh8 Bxa3 37. Bf8 Bxb4 38. Bxb4 Rxb4 39. g4 Bc6 40. Rc8 Rc4 41. Rd8 Rc3 42. Rd6 Rxf3+ 43. Ke2 Rc3 44. Kf2 e4 45. Kg2 e3+ 46. Kf1 Bf3 0-1

[Event "American Continental Blitz 18th"]
[Site "Medellin"]
[Date "2024.05.29"]
[Round "8"]
[White "Ticona Rocabado, Licael Roderick"]
[Black "Delgado Romero, Marco"]
[Result "1-0"]
[WhiteElo "2360"]
[BlackElo "2341"]
[PlyCount "189"]
[EventDate "2024.05.29"]
[EventType "swiss (blitz)"]
[EventRounds "9"]
[EventCountry "COL"]
[SourceTitle "CBM 220 Extra"]
[Source "ChessBase"]
[SourceDate "2024.07.31"]
[SourceVersion "1"]
[SourceVersionDate "2024.07.31"]
[SourceQuality "1"]

1. d4 Nf6 2. c4 c5 3. Nf3 cxd4 4. Nxd4 e5 5. Nb5 d5 6. cxd5 Bc5 7. N5c3 0-0 8. e3 a6 9. h3 b5 10. a3 e4 11. b4 Bd6 12. Bb2 Nbd7 13. Nd2 Re8 14. Qc2 Be5 15. Nb3 Bb7 16. Qd2 Rc8 17. Na5 Ba8 18. Be2 Bxc3 19. Bxc3 Nxd5 20. Bb2 Ne5 21. 0-0 Qg5 22. Bxe5 Qxe5 23. Rac1 Nc3 24. Nb3 Bd5 25. Nd4 Nxe2+ 26. Nxe2 Bc4 27. Rfd1 h5 28. Nf4 h4 29. Qd6 Qf5 30. Qxa6 Ra8 31. Qc6 Rec8 32. Qb7 Rcb8 33. Qc7 Rc8 34. Qb7 g5 35. Nd5 Bxd5 36. Rxc8+ Rxc8 37. Qxd5 Qf6 38. Qxb5 Rc2 39. Rf1 Ra2 40. Qe8+ Kg7 41. Qxe4 Rxa3 42. Qc4 Rc3 43. Qd5 Rc2 44. b5 Rb2 45. Qc5 Kh6 46. e4 Qf4 47. Qd5 Rb4 48. Qc6+ Kh7 49. Re1 Rb2 50. Qc5 Kg7 51. Qc3+ Qf6 52. Qxf6+ Kxf6 53. Re3 Rxb5 54. Rf3+ Kg6 55. Rd3 Rb4 56. Rd6+ Kg7 57. f3 Rb2 58. Kf1 Ra2 59. Rd5 Kg6 60. Rd6+ Kg7 61. Rc6 Rb2 62. Rc4 Kf6 63. Rc5 Kg6 64. Rd5 Ra2 65. Rd3 Rb2 66. Re3 Kf6 67. Re2 Rb1+ 68. Kf2 Ke5 69. Rd2 Kf4 70. Ra2 Rc1 71. Re2 Rb1 72. Rc2 Ra1 73. Rb2 Rc1 74. Ra2 Rb1 75. Re2 Rc1 76. Re1 Rc2+ 77. Re2 Rc1 78. Rb2 Ra1 79. Rd2 Rb1 80. Ke2 Kg3 81. Rd5 f6 82. e5 Rb2+ 83. Ke3 f5 84. e6 f4+ 85. Kd3 Kxg2 86. e7 Rb3+ 87. Kd4 Rb8 88. Rd8 Rb4+ 89. Kc3 Rb1 90. e8Q Kxf3 91. Rd3+ Kg2 92. Qe2+ Kg1 93. Rd1+ Rxd1 94. Qxd1+ Kh2 95. Qf3 1-0